000 00733nam a2200253Ia 4500
003 OSt
005 20220918181202.0
006 a|||||r|||| 00| 0
007 ta
008 220917b |||||||| |||| 00| 0 eng d
024 _a25,817
037 _cTextual
040 _aARTS
_cARTS
_beng
041 _2eng
_aeng
082 _aO111,1L92:g, M2
100 _aAllott Miriam ed
_953995
245 0 _aEssays on Shelley Miriam Allott
260 _aLiverpool
_bLidverpool Univ Press
_c1982
300 _axviii,286p.
_ccm.
490 _aLiverpool english texts and studies; 19
500 _aSelect Bib 279-80p; Includes index
942 _hO111,1L92:g, M2
_cTEXL
_2CC
999 _c164688
_d164688